Nanoparticles : from theory to application
Bewaard in:
| Formaat: | Boek |
|---|---|
| Taal: | Undetermined |
| Gepubliceerd in: |
Weinheim
Wiley-VCH
2004
|
| Onderwerpen: | |
| Tags: |
Voeg label toe
Geen labels, Wees de eerste die dit record labelt!
|
| Thư viện lưu trữ: | Trung tâm Học liệu Trường Đại học Cần Thơ |
|---|
| LEADER | 00651nam a2200217Ia 4500 | ||
|---|---|---|---|
| 001 | CTU_132783 | ||
| 008 | 210402s9999 xx 000 0 und d | ||
| 020 | |c 3440000 | ||
| 082 | |a 620.43 | ||
| 082 | |b N175 | ||
| 245 | 0 | |a Nanoparticles : | |
| 245 | 0 | |b from theory to application | |
| 245 | 0 | |c edited by Gunter Schmid | |
| 260 | |a Weinheim | ||
| 260 | |b Wiley-VCH | ||
| 260 | |c 2004 | ||
| 526 | |a Công nghệ nano,Vật liệu nano và ứng dụng | ||
| 526 | |b CN627,TNH614 | ||
| 650 | |a Nanoparticles,Nanoscience,Nanostructures,Khoa học nano | ||
| 904 | |i Hạ Nguyên | ||
| 980 | |a Trung tâm Học liệu Trường Đại học Cần Thơ | ||